| 000 | 00837cam a2200301 4500 | ||
|---|---|---|---|
| 008 | 090401t1998 xxu||||| |||| 00| 0 eng d | ||
| 020 | _a0860175030 | ||
| 035 | _a(Sirsi) u91935 | ||
| 041 | _aeng | ||
| 050 | _a614.7 | ||
| 100 | _aCoventry, Stuart | ||
| 245 | _aEnvironmental good practice : working on site. | ||
| 260 |
_aLondon _bCIRIA _c1998 |
||
| 300 | _a19p. ; 15x11cm. | ||
| 350 | _a10 | ||
| 490 |
_aCiria Publication _vC503 |
||
| 650 | _aCONSTRUCTION SITES | ||
| 650 |
_aContamination _96231 |
||
| 650 | _aPOLLUTION | ||
| 650 | _aSITE MANAGEMENT | ||
| 650 | _aWASTE CONTROL | ||
| 690 | _aENVIRONMENTAL AND LAND CONSULTANCY | ||
| 700 | _aKingsley, Matthew | ||
| 700 | _aWoolveridge, Claire | ||
| 710 |
_aConstruction Industry Research and Information Association _94810 |
||
| 942 | _n0 | ||
| 948 | _c10/03/1999 | ||
| 999 |
_c97694 _d97694 |
||